Breaking Barriers: (Record no. 206607)

MARC details
000 -LEADER
fixed length control field 00641nam a22001937a 4500
005 - DATE AND TIME OF LATEST TRANSACTION
control field 20241023121246.0
010 ## - LCCN (DPL NO)
LC control number ENG-142336
020 ## - INTERNATIONAL STANDARD BOOK NUMBER
International Standard Book Number 9789391517311
Terms of availability 200.00
035 ## - SYSTEM CONTROL NUMBER
System control number EN-125868
037 ## - SOURCE OF ACQUISITION
Source of stock number/acquisition DBAD
082 ## - DEWEY DECIMAL CLASSIFICATION NUMBER
Classification number 305.56880954
Edition number Third
100 ## - MAIN ENTRY--PERSONAL NAME
Personal name Rao, Kaki Madhava
245 ## - TITLE STATEMENT
Title Breaking Barriers:
Statement of responsibility, etc By Kaki Madhava Rao
Remainder of title The story of a Dalit Chief Secretary
250 ## - EDITION STATEMENT
Edition statement 3
260 ## - PUBLICATION, DISTRIBUTION, ETC. (IMPRINT)
Place of publication, distribution, etc Telangana
Name of publisher, distributor, etc EMESCO BOOKS Pvt. Ltd.
Date of publication, distribution, etc 2023
270 ## - ADDRESS
Address 1-2-7, Banoo Colony, Gagan Mahal Road, Domalguda
City Hyderabad, Telangana
Postal code 500029
300 ## - PHYSICAL DESCRIPTION
Extent 328p.
Dimensions 22cm(pb)
942 ## - ADDED ENTRY ELEMENTS (KOHA)
Source of classification or shelving scheme Dewey Decimal Classification
Item type English Books
Call number suffix RAO
Classification part 305.56880954
Edition Third
Holdings
Withdrawn status Lost status Not for loan Home library Current library Date acquired Source of acquisition Cost, normal purchase price Full call number Barcode Copy number Cost, replacement price Koha item type
      Bawana Bawana 23/10/2024 DBAD 200.00 RAO 305.56880954 EN-125868 1 200.00 English Books

© Delhi Public Library
Hit Counter
free hit counter